00911nam a2200217Ia 4500003000900000008004100009020001800050040001600068080001500084111008400099245017900183260004200362300001400404650004100418650003200459650002500491700003600516942000700552999001500559952011900574IN-BaIIA211028s9999 xx 000 0 eng d a90-277-1229-8 cIIA Library a52-37bORI aISSOL Meeting and the Sixth ICOL Meeting Jerusalemn3rdd1980 June 22-27912091 0aOrigin of lifebproceedings of the third ISSOL meeting and the sixth ICOL meeting Jerusalem, June 22-27, 1980cedited by Yecheskel Wolman  aDordrechtbD. Reidel Publishingc1981 axv, 613p. aAstronomy and Astrophysics thesaurus aExtraterrestrial life94250 aOrigin of life93519 aWolman, Yecheske.,l. ed.912092 cBK c7066d7066 00104070aBANbBANcGENd1982-05-10g491.40l0o52-37/ ORIp7846r2021-11-05v491.40w1982-05-10yBKGRs. 491.40